<?xml version="1.0" encoding="UTF-8"?>
<record
    xmlns:xsi="http://www.w3.org/2001/XMLSchema-instance"
    xsi:schemaLocation="http://www.loc.gov/MARC21/slim http://www.loc.gov/standards/marcxml/schema/MARC21slim.xsd"
    xmlns="http://www.loc.gov/MARC21/slim">

  <leader>00186nam a2200085   4500</leader>
  <controlfield tag="001">1254719</controlfield>
  <controlfield tag="005">20251121112203.0</controlfield>
  <datafield tag="245" ind1=" " ind2=" ">
    <subfield code="a">SON KEL&#x130;ME</subfield>
    <subfield code="c">PATRICIA FORDE</subfield>
  </datafield>
  <datafield tag="260" ind1=" " ind2=" ">
    <subfield code="b">T&#x130;MA&#x15E; YAYINLARI</subfield>
  </datafield>
  <datafield tag="999" ind1=" " ind2=" ">
    <subfield code="c">1254719</subfield>
    <subfield code="d">1254719</subfield>
  </datafield>
  <datafield tag="952" ind1=" " ind2=" ">
    <subfield code="0">0</subfield>
    <subfield code="1">0</subfield>
    <subfield code="2">ddc</subfield>
    <subfield code="4">0</subfield>
    <subfield code="7">0</subfield>
    <subfield code="a">1005</subfield>
    <subfield code="b">1005</subfield>
    <subfield code="d">2025-11-21</subfield>
    <subfield code="l">2</subfield>
    <subfield code="p">10058056</subfield>
    <subfield code="r">2026-03-25 13:35:11</subfield>
    <subfield code="s">2026-02-06</subfield>
    <subfield code="w">2025-11-21</subfield>
    <subfield code="y">BK</subfield>
  </datafield>
</record>
